Statistics for Teams that Sadio Mané Has Played For

Click here to take the quiz!

General Stats

  • This quiz has been taken 206 times
    (77 since last reset)
  • The average score is 6 of 8

Answer Stats

YearsAppsGoalsTeam% Correct
2016-202219690Liverpool
100%
2022-2023257Bayern Munich
96%
2023-2712Al Nassr
90%
2014-20166721Southampton
79%
2012-10743Senegal
73%
2012-20146331Red Bull Salzburg
54%
2011-2012222Metz
44%
2011122Metz B
21%

Score Distribution

Percentile by Number Answered

Percent of People with Each Score

Your Score History

You have not taken this quiz since the last reset